| 000 | 00412nam a2200169Ia 4500 | ||
|---|---|---|---|
| 005 | 20250428010322.0 | ||
| 008 | 240331s9999 xx 000 0 und d | ||
| 020 | _a9552059690 | ||
| 082 |
_bARI _a891 |
||
| 100 | _aAriyarathne,S | ||
| 245 | 0 | _aDemala prasthawa pirulu 1000k sinhalen | |
| 250 | _a2nd | ||
| 260 |
_aColombo _bS. Godage & Brothers _c2002 |
||
| 300 | _a240 p ., | ||
| 650 | _aA Novel | ||
| 942 | _cL | ||
| 999 |
_c2857 _d2857 |
||